| 000 | 01018nam a22002537a 4500 | ||
|---|---|---|---|
| 005 | 20170124103211.0 | ||
| 010 | _aA-382676 | ||
| 020 | _c75.00 | ||
| 035 | _aA-382676 | ||
| 037 | _bCen Lib/Ret | ||
| 040 |
_aDPL _bHN |
||
| 082 |
_a821 _bश्रीवास्त |
||
| 100 |
_aश्रीवास्तव, रामसहायलाल _949095 |
||
| 245 |
_aकृष्ण-चरित / _cरामसहायलाल श्रीवास्तव |
||
| 246 |
_aKrishn-charit / _bby Ramsahayelal Shreevastava |
||
| 260 |
_aलखनऊ _bसुलभ प्रकाशन _c1989 |
||
| 270 |
_bलखनऊ _a17, अशोक मार्ग _e1 |
||
| 300 |
_a135पृ. _c18सेमी(सजिल्द ) |
||
| 650 |
_aसाहित्य-- काव्य _x _z _996622 |
||
| 650 |
_aहिंदी -- काव्य _996623 |
||
| 650 |
_aLitarature-- Poetry _996624 |
||
| 650 |
_aHindi - Poetry _996625 |
||
| 942 |
_2ddc _cHN _h821 _mश्रीवास्त |
||
| 999 |
_c121341 _d121341 |
||